| 000 | 00698nam a2200121Ia 4500 | ||
|---|---|---|---|
| 008 | 220615s9999||||xx |||||||||||||| ||und|| | ||
| 245 | 0 | _aProceedings of the UNC CBE Summit 2017 | |
| 546 | _aEnglish[eng] | ||
| 650 | _aSociology||competency-based education||competency based education||competency based higher education||Adult learner||Andragogy||Curriculum||Order of the British Empire||Southern Association of Colleges and Schools | ||
| 700 | _aSolér, Michelle | ||
| 856 | _uhttps://library.oapen.org/bitstream/20.500.12657/31004/1/640530.pdf||https://library.oapen.org/bitstream/20.500.12657/31004/1/640530.pdf||https://library.oapen.org/bitstream/20.500.12657/31004/1/640530.pdf | ||
| 942 | _cEB | ||
| 999 |
_c13430 _d13430 |
||